000 00426nam a22001697a 4500
003 NUST - PNEC
005 20170116181137.0
008 151007b xxu||||| |||| 00| 0 eng d
040 _cLIBRARY
082 _a954 SYM
100 _914413
_aSymonds, Richard,
245 _aThe making of Pakistan.
_cRichard Symonds
250 _a2nd ed.
260 _c1977
650 _92951
_a Pakistan movement
_xGeneral
942 _2ddc
_cBK
999 _c70315
_d70315